banner-ar

اشعة الليزر و استخداماتها فى الطب / (Record no. 60042)

MARC details
000 -الفاتح
حقل البيانات ثابتة الطول 01173nam a22003017a 4500
005 - وقت وتاريخ اخر تعامل مع التسجيلة
رقم الضبط 20240530110349.0
008 - عناصر البيانات ثابتة الطول - معلومات عامة
حقل البيانات ثابتة الطول 141215s2001 ua o f b 000 0 ara d
017 ## - رقم الايداع القانونى
رقم الايداع القانونى 3009/2001
المصدر ( الهيئة المختصة) مصر . دار الكتب المصرية
020 ## - الرقم الدولى المعيارى للكتب
الرقم الدولى المعيارى للكتاب 9771014293
040 ## - مصدر الفهرسة
وكالة الفهرسة الأصلية EG-CaGPL
041 0# - رمز اللغة
رمز لغة النص/ المسارات الصوتية أو العنوان الانفرادي ara
082 04 - رقم تصنيف ديوى العشرى
رقم الطبعة 21
رقم التصنيف 615.842\
رقم المادة أ أ
100 0# - المدخل الرئيسى - إسم شخصى
الإسم الشخصى احمد الناغى
245 10 - بيان العنوان
العنوان اشعة الليزر و استخداماتها فى الطب /
بيان المسئوليه,etc احمد الناغى ، رشاد فؤاد السيد
250 ## - بيان الطبعة
بيان الطبعة ط 1
260 ## - PUBLICATION, DISTRIBUTION, ETC. (IMPRINT)
تاريخ النشر أو التوزيع 2001
300 ## - الوصف المادى
التعداد 147 ص :
تفاصيل ماديه اخرى للوعاء صور لو ؛
أبعاد الوعاء 24 سم
490 0# - بيان السلسلة
عنوان السلسلة سلسلة الفكر العربى للتنوير العلمى ،
رقم المجلد/ التعيين التسلسلي 3
504 ## - تبصرة ببليوجرافية
تبصرة ببليوجرافية,الخ ببليوجرافية : ص 137 - 147
650 04 - المدخل الاضافى بالموضوع-مصطلح موضوعى
مصطلح موضوعي اشعة الليزر
650 04 - المدخل الاضافى بالموضوع-مصطلح موضوعى
مصطلح موضوعي شعة الليزر فى الطب
650 04 - المدخل الاضافى بالموضوع-مصطلح موضوعى
مصطلح موضوعي شعة الليزر
التقسيم الفرعي العام التاثير الفسيولوجيى
650 04 - المدخل الاضافى بالموضوع-مصطلح موضوعى
مصطلح موضوعي العلاج بالاشعة
650 04 - المدخل الاضافى بالموضوع-مصطلح موضوعى
مصطلح موضوعي شعة الليزر
التقسيم الفرعي العام تجارب
700 0# - المدخل الاضافى - اسم شخصى
الإسم الشخصى رشاد فؤاد السيد
الدور مؤلف مشارك
942 ## - عناصر المدخل الإضافي( كوها)
مصدر التصنيف او مخطط الترفيف Dewey Decimal Classification
Koha [default] item type كتاب
260 ## - PUBLICATION, DISTRIBUTION, ETC. (IMPRINT)
-- القاهرة :
-- دار الفكر العربى ،
Holdings
حالة التراجع حالة الفقد حالة تلف ليس للاعارة المكان المؤقت الموقع الحالى تاريخ الاكتساب اجمالي اﻻعارات رقم الطلب الباركود تاريخ اخر مشاهدة تاريخ تفعيل السعر نوع وعاء كوها
        مكتبة القاهرة الكبرى مكتبة القاهرة الكبرى 12/15/2014   615.842\ أ أ 159022 12/15/2014 12/15/2014 كتاب

Powered By

EGPV